• 首页
  • 本馆介绍
  • 公告通知
  • 最新文献
  • 馆藏检索
  • 电子资源
  • 读者导购
  • 参考咨询
  • 我的图书馆
  • 登录
  • 详细信息显示
  • 放入我的书架
  • 预约/预借图书
  • 作者相关作品
  • 分类相关作品
  • 丛书相关作品
  • 出版社相关作品

书目信息

  • 表格格式
  • 工作单格式
  • 卡片格式
书名: The forest people:A Study of the Pygmies of the Congo
作者: Colin M.Turnbull
分册号:
分册名:
出版地: New York :
 
出版社: Simon and Schuster
出版时间: c1961.
页数: 295 p. :
开本: 25 cm.
丛书名:
中图分类号:
科图分类号:
其他分类号: K464
主题词:
电子资源:
000 00798nam 2200265 a 4500
001 E0730785562
003 OCoLC
004 000650655
005 20070517083956.42
008 730213s1961 nyua 000 0 eng
010    @a61012850 /L/r972
040    @aDLC @cDLC
043    @af-cg---
049    @aN5LA
050 00 @aDT650 @b.T8
082 00 @a572.9675
090    @aK464
099    @dK464@ex2
100 1  @aTurnbull, Colin M.
245 14 @aThe forest people:A Study of the Pygmies of the Congo / @cColin M.Turnbull
260    @aNew York :@bSimon and Schuster,@cc1961.
300    @a295 p. :@billus. ;@c25 cm.
650  0 @aMbuti (African people)
650  0 @aEthnology @zCongo (Democratic Republic) @b00 @c20020930 @lNLC09 @h2257 @lNLC09 @h0103
852 1  @bWWJC @cJ17N @hDT650 @iT94
    
    The forest people:A Study of the Pygmies of the Congo / / Colin M.Turnbull.-New York : : Simon and Schuster, , c1961.
    295 p. : : illus. ; ; 25 cm.
    
    
    ISBN
    
●
相关链接 在E读中查询图书 在五车中查询图书 在当当中查询图书 在豆瓣中查询图书


正题名:forest people:A Study of the Pygmies of the Congo     索取号:K464/x2         预约/预借

序号 登录号 条形码 馆藏地/架位号 状态 备注
1 9517   300095171   第二样本阅览室/ [索取号:K464/x2] 在馆    
唐山师范学院图书馆 欢迎您!
大连网信软件有限公司© 版权所有